Statistics for Heavy Metal Band Logos #3

Click here to take the quiz!

General Stats

  • This quiz has been taken 109 times
    (101 since last reset)
  • The average score is 20 of 30

Answer Stats

Answer% Correct
Tool
100%
Cynic
99%
Brutal Truth
97%
Down
97%
Entombed
97%
Rings of Saturn
97%
GammaRay
96%
Hoth
96%
Holy Terror
95%
Possessed
95%
Diamond Head
93%
Exhumed
92%
Bongripper
88%
Portal
88%
Gorguts
71%
Tankard
71%
Massacre
65%
Cradle of Filth
56%
Sonata Arctica
48%
Graveland
47%
Týr
47%
Conan
45%
Archspire
41%
Belphegor
40%
Epitaph
37%
Disgorge
35%
Revenge
28%
Artificial Brain
24%
Psycroptic
20%
Wormrot
17%

Score Distribution

Percentile by Number Answered

Percent of People with Each Score

Your Score History

You have not taken this quiz since the last reset